| 000 | 00335nam a22001337a 4500 | ||
|---|---|---|---|
| 008 | 181226b xxu||||| |||| 00| 0 eng d | ||
| 020 | _a9780538735223 | ||
| 041 | _aeng | ||
| 080 |
_28th _a510 |
||
| 100 | _a36 | ||
| 101 | _aMAT | ||
| 245 |
_aApplied Calculus for the Managerial, Life, and Social Sciences _cTan,S.T |
||
| 942 |
_2udc _cBK |
||
| 999 |
_c53768 _d53768 |
||